| 000 | 01147nam0a22003611 4500 | ||
|---|---|---|---|
| 001 | v19\rc\1891867 | ||
| 005 | 20251118180407.2 | ||
| 035 | _a(NLR Aleph) 004979115 | ||
| 090 |
_a6166107 _c6166107 |
||
| 100 | _a20080221d1911 u y0rusy50 ca | ||
| 101 | 0 | _arus | |
| 102 | _aRU | ||
| 105 | _ay z ||||| | ||
| 200 | 1 |
_aНикифор Влеммид и его сочинения _fВ.И. Барвинок |
|
| 210 |
_aКиев _cтип. АО "Петр Барский в Киеве" _d1911 |
||
| 215 |
_a[2], XXXIV, 366, [2], II, [6] с. _d25 |
||
| 700 | 1 |
_aБарвинок _bВ. И. _f1879- _gВладимир Иванович |
|
| 702 | 0 |
_4570 _7ca _8rus _aНикифор Влеммид _f1197-ок.1269 _9175418 _3RU\NLR\AUTH\770175469 |
|
| 801 | 0 |
_aRU _bNLR _gpsbo |
|
| 801 | 0 |
_aRU _bRuMoRGB _2psbo |
|
| 801 | 1 |
_aRU _bProSoft-M _2rusmarc |
|
| 852 |
_aNLR _j19.59.3.33 |
||
| 852 |
_aNLR _j133/3214 |
||
| 899 |
_aRuMoRGB _jU 83/126 |
||
| 899 |
_aRuMoRGB _jC 54/187 |
||
| 899 |
_aRuMoRGB _jU 346/165 |
||
| 899 | _aБАН | ||
| 899 | _aНБ СПбГУ | ||
| 899 | _aГПИБ | ||
| 899 | _aНБ МГУ | ||
| 942 | _cBOOK | ||
| 980 | _aNB | ||